[Event "12th American Continental"]
[Site "Medellin COL"]
[Date "2017.06.17"]
[Round "10.67"]
[White "Oussedik,E"]
[Black "Rios,J"]
[Result "0-1"]
[WhiteElo "2155"]
[BlackElo "2055"]

1.d4 Nf6 2.c4 e6 3.Nf3 b6 4.g3 Ba6 5.Qa4 Bb7 6.Bg2 c5 7.dxc5 bxc5 8.O-O Be7
9.Nc3 O-O 10.Bf4 Qb6 11.Qb5 d6 12.Qxb6 axb6 13.Nb5 Ne8 14.Nd2 Bxg2 15.Kxg2 g5
16.Be3 f5 17.Nf3 h6 18.h4 g4 19.Ne1 Kg7 20.Nd3 e5 21.Bd2 Nc6 22.Bc3 Nf6 23.Ne1
Nd4 24.Bxd4 cxd4 25.a3 d5 26.Rc1 Ra5 27.b4 Raa8 28.c5 bxc5 29.Rxc5 Bd6 30.Nc7
Bxc5 31.Nxa8 Ba7 32.Nd3 e4 33.Nf4 Rxa8 34.a4 Bb8 35.Ne6+ Kf7 36.Nxd4 Rxa4
37.Nc6 Bd6 {#R} 0-1

[Event "12th American Continental"]
[Site "Medellin COL"]
[Date "2017.06.18"]
[Round "11.4"]
[White "Pichot,A"]
[Black "Bachmann,Ax"]
[Result "0-1"]
[WhiteElo "2577"]
[BlackElo "2653"]

1.e4 e5 2.Nf3 Nc6 3.d4 exd4 4.Nxd4 Qf6 5.Be3 Bc5 6.c3 Nge7 7.Bc4 O-O 8.O-O b6
9.Nc2 Bb7 10.Nd2 Ne5 11.Be2 Bxe3 12.Nxe3 N5g6 13.Bf3 Nh4 14.Bg4 d5 15.g3 dxe4
16.gxh4 Rad8 17.Qe2 Qxh4 18.Rfd1 f5 19.Qc4+ Bd5 20.Qxc7 fxg4 21.Qg3 Qf6
22.Ndf1 h5 23.Rd2 Be6 24.Rad1 Rxd2 25.Rxd2 Ng6 26.Rd6 h4 27.Qg2 Nf4 {#R} 0-1

[Event "12th American Continental"]
[Site "Medellin COL"]
[Date "2017.06.18"]
[Round "11.5"]
[White "Bruzon Batista,L"]
[Black "Erenburg,S"]
[Result "1-0"]
[WhiteElo "2650"]
[BlackElo "2550"]

1.c4 c6 2.d4 d5 3.cxd5 cxd5 4.Bg5 Nc6 5.Nc3 Qb6 6.Qd2 e6 7.e3 Nge7 8.Bf4 Nf5
9.Bd3 Nh4 10.Bg3 Be7 11.f3 O-O 12.Qf2 g6 13.Rd1 Nf5 14.Bxf5 exf5 15.Nxd5 Qa5+
16.Nc3 Nb4 17.Nge2 Nc2+ 18.Kf1 Be6 19.Nf4 Bc4+ 20.Kg1 Nb4 21.a3 Na2 22.Nxa2
Bxa2 23.h4 Bb3 24.Rc1 Rac8 25.Kh2 Rfe8 26.Rhe1 Bf8 27.Nd3 Qb5 28.Qd2 a5 29.Nf4
a4 30.Ne2 Qd7 31.Nf4 Qb5 32.Nd3 b6 33.Nb4 Bh6 34.Rxc8 Rxc8 35.d5 Qc4 36.d6 Qe6
37.Nc6 Bf8 38.d7 Qxc6 39.dxc8=Q Qxc8 40.Rc1 Bc4 41.Qd5 Bxd5 42.Rxc8 Kg7
43.Be5+ f6 44.Bxf6+ Kf7 45.Bd4 b5 46.Rc7+ Kg8 47.Kg1 h5 48.Kf2 Bc4 49.Rc6 Kh7
50.Rc8 {#r} 1-0

[Event "12th American Continental"]
[Site "Medellin COL"]
[Date "2017.06.18"]
[Round "11.11"]
[White "Ramirez,Alej"]
[Black "Pulvett,D"]
[Result "1-0"]
[WhiteElo "2552"]
[BlackElo "2437"]

1.Nf3 Nf6 2.c4 e6 3.g3 b6 4.Bg2 Bb7 5.O-O c5 6.b3 d6 7.Bb2 Be7 8.e3 Nbd7 9.Qe2
O-O 10.Rd1 Rc8 11.d3 Qc7 12.Nc3 Qb8 13.Ne1 d5 14.cxd5 exd5 15.d4 Qa8 16.Rac1
Rfe8 17.Qd3 c4 18.Qb1 cxb3 19.axb3 Bc6 20.Nd3 Bd6 21.Qa2 a5 22.Ba3 Bxa3
23.Qxa3 b5 24.Qa2 Ne4 25.Bh3 Ng5 26.Bg4 Nf6 27.Bxc8 Qxc8 28.Qe2 Nh3+ 29.Kg2
Ng5 30.Nf4 Bd7 31.Ne4 dxe4 32.Rxc8 Rxc8 33.Qb2 Bg4 34.Rc1 Bf3+ 35.Kg1 Rf8
36.Rc5 h6 37.h3 Bd1 38.Qb1 Bh5 39.Qc1 a4 40.bxa4 bxa4 41.Rc8 Rxc8 42.Qxc8+ Kh7
43.Qc2 a3 44.Qb3 Nf3+ 45.Kh1 Nd2 46.Qa2 {#r} 1-0

[Event "12th American Continental"]
[Site "Medellin COL"]
[Date "2017.06.18"]
[Round "11.12"]
[White "Kaidanov,G"]
[Black "Umetsubo,C"]
[Result "1-0"]
[WhiteElo "2550"]
[BlackElo "2381"]

1.Nf3 c5 2.c4 Nf6 3.Nc3 e6 4.e3 d5 5.d4 Nc6 6.cxd5 exd5 7.Bb5 cxd4 8.Nxd4 Bd7
9.O-O Bd6 10.Be2 O-O 11.Ndb5 Be5 12.Nxd5 Be6 13.Nf4 Qb8 14.Nxe6 Bxh2+ 15.Kh1
fxe6 16.f4 Bg3 17.Bc4 Qe8 18.Nc7 Qg6 19.Bxe6+ Kh8 20.Nxa8 Rxa8 21.Bh3 Rd8
22.Qf3 Ne4 23.f5 Qe8 24.f6 gxf6 25.Bf5 Ne5 26.Qxe4 Rd1 27.Bd2 Rxd2 28.Qxb7
Qh5+ 29.Bh3 Nd3 30.Qc8+ {#r} 1-0

[Event "12th American Continental"]
[Site "Medellin COL"]
[Date "2017.06.18"]
[Round "11.13"]
[White "Vera Siguenas,D"]
[Black "Prasca Sosa,R"]
[Result "1-0"]
[WhiteElo "2526"]
[BlackElo "2400"]

1.e4 c5 2.Nf3 e6 3.d4 cxd4 4.Nxd4 Nc6 5.Nc3 Qc7 6.g3 a6 7.Bg2 Nf6 8.O-O Bc5
9.Nxc6 bxc6 10.Na4 Ba7 11.c4 d6 12.c5 dxc5 13.Be3 O-O 14.Bxc5 Bxc5 15.Nxc5 e5
16.Rc1 Rd8 17.Qc2 Bg4 18.h3 Bh5 19.Qc3 a5 20.Rfe1 Re8 21.Re3 Bg6 22.Rd3 h5
23.Rcd1 h4 24.g4 Qb6 25.a3 a4 26.Rd6 Qb5 27.Bf1 Qb8 28.Bc4 Nxe4 29.Nxe4 Bxe4
30.Rd7 Bg6 31.R1d6 Kh7 32.Qd2 Ra7 33.Rxg6 Rxd7 34.Qg5 Rd6 35.Bxf7 {#r} 1-0

[Event "12th American Continental"]
[Site "Medellin COL"]
[Date "2017.06.18"]
[Round "11.15"]
[White "Hungaski,R"]
[Black "Ynojosa,F"]
[Result "1-0"]
[WhiteElo "2492"]
[BlackElo "2395"]

1.Nf3 c5 2.c4 Nc6 3.Nc3 e5 4.g3 Nf6 5.Bg2 Be7 6.d3 h6 7.Nd2 d6 8.a3 O-O 9.Rb1
a5 10.O-O Bg4 11.h3 Bh5 12.Qa4 Qc8 13.e3 Nd7 14.Nd5 Bd8 15.Qc2 f5 16.f4 Nf6
17.b3 Bf7 18.Bb2 Rb8 19.Kh2 Be6 20.Rbe1 b5 21.Ba1 Kh8 22.Qd1 a4 23.bxa4 bxc4
24.dxc4 e4 25.Nc3 Qa6 26.Nb5 Ra8 27.g4 fxg4 28.Nxe4 Bxc4 29.Rg1 g3+ 30.Nxg3 d5
31.Nd6 Ne7 32.Nxc4 Qxc4 33.Nh5 Qxa4 34.Nxg7 Kxg7 35.Bxd5+ Kh7 36.Qd3+ Kh8
37.Bxa8 Qxa8 38.Qd6 Qc6 39.Bxf6+ {#r} 1-0

[Event "12th American Continental"]
[Site "Medellin COL"]
[Date "2017.06.18"]
[Round "11.17"]
[White "Garcia,Gild"]
[Black "Vasquez Schroeder,R"]
[Result "0-1"]
[WhiteElo "2396"]
[BlackElo "2553"]

1.e4 c5 2.Nf3 d6 3.d4 cxd4 4.Nxd4 Nf6 5.Nc3 a6 6.Bg5 e6 7.f4 Nbd7 8.Qf3 Qc7
9.O-O-O b5 10.Bd3 Bb7 11.Rhe1 Qb6 12.Bxf6 Nxf6 13.g4 O-O-O 14.g5 Qxd4 15.gxf6
Qxf6 16.a4 b4 17.Ne2 g6 18.Qe3 Bg7 19.c3 bxc3 20.bxc3 Rd7 21.Qa7 Bxe4 22.Bxa6+
Kd8 23.Qb6+ Ke7 24.Rd4 Qf5 25.Rc4 Ra8 26.Bc8 Qd5 27.Qb5 Rda7 28.Ba6 Qd3 {#R}
0-1

[Event "12th American Continental"]
[Site "Medellin COL"]
[Date "2017.06.18"]
[Round "11.18"]
[White "Morovic Fernandez,I"]
[Black "Alzate,D"]
[Result "1-0"]
[WhiteElo "2537"]
[BlackElo "2362"]

1.e4 e5 2.Nf3 Nc6 3.Bb5 a6 4.Ba4 Nf6 5.O-O Be7 6.Re1 b5 7.Bb3 O-O 8.c3 d6 9.h3
Na5 10.Bc2 c5 11.d4 Qc7 12.Nbd2 Bd7 13.Nf1 cxd4 14.cxd4 Rac8 15.Ne3 Nc6 16.Bb3
Na5 17.Nd5 Nxd5 18.Bxd5 Bc6 19.b3 exd4 20.Nxd4 Bxd5 21.exd5 Bf6 22.Be3 Qb7
23.Nf5 Bxa1 24.Qxa1 f6 25.Bd2 b4 26.Qd4 Rc7 27.Nxd6 Qa8 28.Bxb4 Rd7 29.Nf5 Nc6
30.Qg4 Nxb4 31.Ne7+ Kh8 32.Qxd7 Rd8 33.Qe6 Nd3 34.Re4 Ne5 35.f4 Nd7 36.Nc6 Nc5
37.Qe7 Nxe4 38.Nxd8 {#r} 1-0

[Event "12th American Continental"]
[Site "Medellin COL"]
[Date "2017.06.18"]
[Round "11.20"]
[White "Tang,Andrew"]
[Black "Valenzuela Gomez,F"]
[Result "1-0"]
[WhiteElo "2461"]
[BlackElo "2377"]

1.d4 Nf6 2.c4 g6 3.f3 Bg7 4.e4 d6 5.Nc3 O-O 6.Nge2 Nc6 7.Be3 a6 8.Rb1 Bd7
9.Qd2 e6 10.g4 h5 11.g5 Nh7 12.h4 f6 13.Bg2 fxg5 14.hxg5 b5 15.cxb5 axb5
16.Nxb5 e5 17.dxe5 Nxe5 18.f4 Bxb5 19.Qd5+ Kh8 20.Qxb5 Rb8 21.Qd5 c6 22.Qd1
Qa5+ 23.b4 Rxb4 24.O-O Ng4 25.Rxb4 Nxe3 26.Qa4 Qc5 27.Rc1 Nc2+ 28.Kh1 Qxb4
29.Qxc2 Qb6 30.Rf1 Nxg5 31.Qd3 Nf7 32.e5 Nxe5 33.fxe5 Rxf1+ 34.Bxf1 Qf2 35.Ng1
dxe5 36.Bg2 Qxa2 37.Qxg6 Qf2 38.Nf3 Kg8 39.Qe6+ Kf8 40.Qf5+ Ke7 41.Bh3 Qe3
42.Qd7+ Kf8 43.Qd6+ Kg8 44.Be6+ Kh7 45.Bf5+ Kg8 46.Qe6+ Kf8 47.Qc8+ Kf7
48.Qd7+ Kf8 49.Qd8+ Kf7 50.Ng5+ {#r} 1-0

[Event "12th American Continental"]
[Site "Medellin COL"]
[Date "2017.06.18"]
[Round "11.22"]
[White "Vazquez,Guillermo"]
[Black "Rios,Al"]
[Result "1-0"]
[WhiteElo "2443"]
[BlackElo "2345"]

1.d4 Nf6 2.c4 e6 3.Nc3 Bb4 4.Qc2 d5 5.a3 Be7 6.cxd5 Nxd5 7.e4 Nxc3 8.bxc3 c5
9.Nf3 O-O 10.Bd3 Nc6 11.Bb2 Na5 12.e5 g6 13.h4 Bd7 14.h5 g5 15.Bxh7+ Kh8
16.Rd1 Qe8 17.Qb1 Ba4 18.Bc2 Nc4 19.Bc1 Bxc2 20.Qxc2 Kg8 21.a4 Rc8 22.O-O Nb6
23.a5 Nc4 24.d5 exd5 25.Rxd5 Nxa5 26.Qf5 Qc6 27.Rd6 Bxd6 28.Qxg5+ Kh8 29.Qf6+
Kh7 30.exd6 Qd5 31.Ng5+ Qxg5 32.Bxg5 {#r} 1-0

[Event "12th American Continental"]
[Site "Medellin COL"]
[Date "2017.06.18"]
[Round "11.24"]
[White "Zapata,Alo"]
[Black "Hernandez,Crist COL"]
[Result "1-0"]
[WhiteElo "2420"]
[BlackElo "2259"]

1.e4 c5 2.Nf3 d6 3.d4 cxd4 4.Nxd4 Nf6 5.Nc3 a6 6.Bc4 e6 7.O-O Be7 8.Bb3 O-O
9.Be3 b5 10.f3 Bd7 11.Qd2 Nc6 12.a4 b4 13.Nxc6 Bxc6 14.Ne2 Qb8 15.Nd4 Bd7
16.g4 Qb7 17.a5 Rac8 18.Rfd1 Rfd8 19.Qe2 h6 20.Bc4 Rxc4 21.Qxc4 d5 22.exd5
Nxd5 23.Bf2 Bf6 24.Qe2 Rc8 25.Bg3 Qa7 26.Qf2 Rc4 27.Nf5 Qxf2+ 28.Bxf2 Rxc2
29.Ne3 Nxe3 30.Rxd7 Nd5 31.Rb1 Bxb2 32.Ra7 b3 33.Rxa6 Nc3 34.Re1 Bc1 35.Rb6 b2
36.a6 b1=Q 37.Rxb1 Nxb1 38.a7 Rc8 39.Kg2 Bf4 40.Rxb1 g5 41.Bg3 Ra8 42.Bxf4
{#r} 1-0

[Event "12th American Continental"]
[Site "Medellin COL"]
[Date "2017.06.18"]
[Round "11.25"]
[White "Cruz,Cr"]
[Black "Torres,Ju2"]
[Result "1-0"]
[WhiteElo "2558"]
[BlackElo "2275"]

1.d4 d5 2.Nf3 c6 3.c4 Nf6 4.e3 g6 5.Nc3 Bg7 6.Be2 O-O 7.h3 e6 8.O-O b6 9.b4
Bb7 10.a4 a5 11.bxa5 Rxa5 12.Ba3 Re8 13.Qb3 Nfd7 14.Rab1 c5 15.cxd5 exd5
16.Nxd5 cxd4 17.Bc4 Kh8 18.exd4 Bc6 19.Bb5 Bxb5 20.axb5 Nf8 21.Ne3 Ne6 22.Rfd1
Ra7 23.d5 Nc5 24.Bxc5 bxc5 25.d6 f5 26.Qd5 Nd7 27.Nc4 Qa8 28.Qd3 Re4 29.b6 Ra4
30.b7 Qd8 31.Ng5 {#r} 1-0

[Event "12th American Continental"]
[Site "Medellin COL"]
[Date "2017.06.18"]
[Round "11.27"]
[White "Rios,Cr"]
[Black "Cortes Orihuela,Javier"]
[Result "0-1"]
[WhiteElo "2499"]
[BlackElo "2235"]

1.d4 Nf6 2.c4 g6 3.Nc3 d5 4.Nf3 Bg7 5.Qb3 dxc4 6.Qxc4 O-O 7.e4 Nc6 8.Be3 Ng4
9.e5 Na5 10.Qd5 Nxe3 11.fxe3 Nc6 12.Qc5 Bd7 13.Qa3 a5 14.Bc4 Nb4 15.O-O-O c6
16.Qb3 b5 17.Bxf7+ Rxf7 18.e6 Be8 19.exf7+ Bxf7 20.Qa3 Qd6 21.Kb1 c5 22.Nxb5
Qc6 23.Nc3 Rb8 24.Rd2 cxd4 25.exd4 Bh6 26.Ne5 Qc8 27.Rf2 Be6 28.Qxa5 Be3
29.Re2 Bxd4 30.Rc1 Bf5+ 31.Ka1 Qb7 32.a3 Ra8 33.Nc6 Rxa5 34.Nxa5 Qa6 35.axb4
Bxc3 36.Rxe7 Bxb2+ {#R} 0-1

[Event "12th American Continental"]
[Site "Medellin COL"]
[Date "2017.06.18"]
[Round "11.29"]
[White "Molina,Rob"]
[Black "Cifuentes,J"]
[Result "1-0"]
[WhiteElo "2464"]
[BlackElo "2266"]

1.e4 c5 2.Ne2 d6 3.d4 Nf6 4.Nbc3 cxd4 5.Nxd4 a6 6.Be3 e5 7.Nb3 Be6 8.f3 Be7
9.Qd2 O-O 10.O-O-O Nbd7 11.g4 b5 12.g5 b4 13.Ne2 Ne8 14.f4 a5 15.f5 a4 16.Nbd4
b3 17.Kb1 exd4 18.Nxd4 bxc2+ 19.Nxc2 Bb3 20.axb3 axb3 21.Na3 Ra4 22.Bc4 Qa8
{#r} 1-0

[Event "12th American Continental"]
[Site "Medellin COL"]
[Date "2017.06.18"]
[Round "11.30"]
[White "Mateus,Al"]
[Black "Martinez Romero,M"]
[Result "0-1"]
[WhiteElo "2255"]
[BlackElo "2427"]

1.d4 Nf6 2.c4 e6 3.g3 Bb4+ 4.Bd2 Qe7 5.Bg2 O-O 6.Nc3 d6 7.e4 e5 8.Nge2 c6
9.O-O Bg4 10.Qc2 Nbd7 11.a3 Bxc3 12.Nxc3 Rfe8 13.h3 Bh5 14.f4 h6 15.f5 Qd8
16.g4 Bxg4 17.hxg4 Nxg4 18.d5 Qh4 19.Rf3 cxd5 20.exd5 e4 21.Rf4 Ndf6 22.Qd1
Re5 23.Qe1 Qh2+ 24.Kf1 g5 25.fxg6 fxg6 26.Nxe4 Rxe4 27.Rf3 Rf8 28.Rc1 Ne5 {#R}
0-1

[Event "12th American Continental"]
[Site "Medellin COL"]
[Date "2017.06.18"]
[Round "11.31"]
[White "Pazos Gambarrotti,P"]
[Black "Duran Vega,S"]
[Result "1-0"]
[WhiteElo "2232"]
[BlackElo "2408"]

1.Nf3 d5 2.c4 e6 3.g3 dxc4 4.Qa4+ Nd7 5.Qxc4 a6 6.Bg2 b5 7.Qc2 Bb7 8.O-O c5
9.a4 Ngf6 10.d4 Rc8 11.axb5 axb5 12.Qb3 Qb6 13.dxc5 Nxc5 14.Qd1 Nd5 15.Bd2 Be7
16.Ba5 Qd6 17.Nc3 Nxc3 18.Bxc3 O-O 19.Qxd6 Bxd6 20.Nd4 Bxg2 21.Kxg2 Rb8
22.Rfd1 Ne4 23.Be1 Bc5 24.Nc6 Rbc8 25.Ne5 Bd6 26.Nd7 Rfd8 27.f3 Nf6 28.Rxd6
Rxd7 29.Rxd7 Nxd7 30.Ra7 Nc5 31.b4 Nb3 32.Rd7 {#r} 1-0

[Event "12th American Continental"]
[Site "Medellin COL"]
[Date "2017.06.18"]
[Round "11.36"]
[White "Garcia,Alv COL"]
[Black "Zavarce,Oscar Enrique"]
[Result "0-1"]
[WhiteElo "2152"]
[BlackElo "2364"]

1.d4 Nf6 2.c4 c5 3.d5 e5 4.Nc3 d6 5.g3 Na6 6.Bg2 Nc7 7.e4 Rb8 8.a4 g6 9.Nge2
Bg7 10.h3 O-O 11.g4 b6 12.Ng3 a6 13.Bf1 Bd7 14.b3 b5 15.a5 Nfe8 16.Bd3 f5
17.Bd2 f4 18.Nf1 Qh4 19.Qf3 Nf6 20.Nh2 h6 21.Qg2 Nh7 22.Nf3 Qe7 23.Kd1 bxc4
24.bxc4 Rb4 25.Ke2 Ng5 26.Nxg5 Qxg5 27.f3 Rfb8 28.h4 Qd8 29.h5 g5 30.Rhb1 Ne8
31.Qg1 Nf6 32.Na2 Rxb1 33.Bxb1 Rb3 34.Bc2 Rb7 35.Qf2 Bf8 36.Bc3 Be7 37.Rb1 Qc8
38.Rb6 Rxb6 39.axb6 Qb7 40.Ba5 Bd8 41.Qg1 Kf8 42.Qb1 Kf7 {#R} 0-1

[Event "12th American Continental"]
[Site "Medellin COL"]
[Date "2017.06.18"]
[Round "11.37"]
[White "Gonzalez Lopez,Nicolas Mateo"]
[Black "Thavandiran,S"]
[Result "0-1"]
[WhiteElo "2127"]
[BlackElo "2363"]

1.e4 e6 2.d4 d5 3.Nc3 Bb4 4.e5 Ne7 5.Qg4 c5 6.dxc5 Nbc6 7.Bd2 O-O 8.O-O-O Qa5
9.a3 Bxc3 10.Bxc3 Qxc5 11.Nf3 b5 12.Bd3 Nf5 13.Qh3 b4 14.Bxf5 exf5 15.axb4
Nxb4 16.Bxb4 Qxb4 17.Nd4 Bd7 18.Rd3 Rab8 19.b3 Rb6 20.Kb2 Ra6 21.Ra1 Rxa1
22.Kxa1 Qe1+ 23.Kb2 Qxe5 24.c3 g6 25.Re3 Qd6 26.Qh6 f6 27.h4 Rf7 28.g3 a5
29.Re1 Re7 30.Rxe7 Qxe7 31.Qe3 Qxe3 32.fxe3 Kg7 33.b4 axb4 34.cxb4 Kh6 35.b5
Kh5 36.b6 Bc8 37.Kc3 Kg4 38.Ne2 Kf3 39.Kd3 Ba6+ 40.Kd2 Kg4 41.h5 Kxh5 42.Ke1
Kg4 43.Kf2 g5 44.Nd4 f4 45.exf4 gxf4 46.gxf4 Kxf4 47.Nb5 Ke5 48.Ke3 f5 49.Nc7
d4+ 50.Kd2 Bb7 {#R} 0-1

[Event "12th American Continental"]
[Site "Medellin COL"]
[Date "2017.06.18"]
[Round "11.40"]
[White "Escalante Ramirez,Brian Sebasti"]
[Black "Cueto,Jose"]
[Result "1-0"]
[WhiteElo "2338"]
[BlackElo "2071"]

1.d4 d5 2.Nf3 Nf6 3.Bg5 Ne4 4.Bf4 Bf5 5.e3 e6 6.Nbd2 g5 7.Nxg5 Nxg5 8.g4 Be4
9.f3 Nxf3+ 10.Nxf3 Bd6 11.Bxd6 Qxd6 12.Bg2 Rg8 13.Nh4 Qe7 14.Nf3 Rxg4 15.Qe2
Nc6 16.O-O-O O-O-O 17.Bh3 Rg6 18.Rhg1 Nb4 19.c3 Nd3+ 20.Rxd3 Bxf3 21.Qf2 Rxg1+
22.Qxg1 Qh4 23.Qf1 Qe4 24.Rd2 Qxe3 25.Qf2 Qxf2 26.Rxf2 Bh5 27.Rf6 Bg6 28.Bg4
Kd7 29.Kd2 Kd6 30.Bf3 c5 31.h4 cxd4 32.cxd4 Rc8 33.Ke3 h5 {#r} 1-0

[Event "12th American Continental"]
[Site "Medellin COL"]
[Date "2017.06.18"]
[Round "11.47"]
[White "Cano,L"]
[Black "Saladen,R"]
[Result "0-1"]
[WhiteElo "2264"]
[BlackElo "2155"]

1.e4 c5 2.Nc3 g6 3.g3 Nc6 4.Bg2 Bg7 5.Nge2 e6 6.O-O Nge7 7.f4 d5 8.d3 f5 9.e5
d4 10.Nb5 O-O 11.Nd6 Rb8 12.c4 Bd7 13.b4 Nxb4 14.Nxb7 Qc7 15.Nd6 a6 16.a3 Nbc6
17.g4 fxg4 18.Ng3 h5 19.h3 Nxe5 20.fxe5 Bxe5 {#R} 0-1

[Event "12th American Continental"]
[Site "Medellin COL"]
[Date "2017.06.18"]
[Round "11.48"]
[White "Sanchez Castillo,S"]
[Black "Sanchez Alvarez,Kelvin Antonio"]
[Result "0-1"]
[WhiteElo "2154"]
[BlackElo "2257"]

1.e4 c5 2.Nf3 g6 3.d4 cxd4 4.Qxd4 Nf6 5.e5 Nc6 6.Qc4 d5 7.Qb3 Ne4 8.Nc3 Nxc3
9.bxc3 Bg7 10.Bb5 O-O 11.Bf4 Na5 12.Qa4 a6 13.Bd3 Qc7 14.Qd4 e6 15.O-O Bd7
16.Rae1 Rac8 17.Bg5 Nc6 18.Qh4 Nxe5 19.Nxe5 f6 20.Nf3 e5 21.Bh6 e4 22.Bxg7
Kxg7 23.c4 Rf7 24.cxd5 exd3 25.cxd3 Qd6 26.d4 Qxd5 27.Re3 Qxa2 28.Rfe1 Bc6
29.d5 Qxd5 30.h3 a5 31.Re7 Rf8 32.R7e6 a4 33.R6e4 Qa5 34.Nd4 Bxe4 35.Rxe4 a3
36.Ne6+ Kg8 37.Nxf8 a2 {#R} 0-1

[Event "12th American Continental"]
[Site "Medellin COL"]
[Date "2017.06.18"]
[Round "11.51"]
[White "Solano Cuya,Bryan"]
[Black "Zapata,JuanC"]
[Result "1-0"]
[WhiteElo "2246"]
[BlackElo "2110"]

1.d4 Nf6 2.c4 e6 3.Nc3 Bb4 4.f3 c5 5.d5 e5 6.e4 d6 7.Bd3 O-O 8.Ne2 Nbd7 9.O-O
a6 10.Be3 Qe7 11.a3 Ba5 12.Rb1 Bc7 13.b4 b6 14.Ng3 g6 15.f4 Ne8 16.Qd2 exf4
17.Bxf4 Ne5 18.Bh6 Ng7 19.Nd1 Bd8 20.Ne3 Qh4 21.Bf4 Bf6 22.bxc5 bxc5 23.Rb6 g5
24.Ngf5 Bxf5 25.Bg3 Qh6 26.Nxf5 Nxf5 27.Rxf5 Nxd3 28.Rxd6 Bd4+ 29.Kh1 f6
30.Qxd3 Qg7 31.Rf1 Qb7 32.Rb1 Qe7 33.e5 f5 34.Rdb6 f4 35.e6 Qg7 36.Rb7 Qh6
37.e7 Rfe8 38.Be1 Qg7 39.d6 Qe5 40.R7b6 Ra7 41.Ba5 Rd7 42.Rb8 {#r} 1-0

[Event "12th American Continental"]
[Site "Medellin COL"]
[Date "2017.06.18"]
[Round "11.53"]
[White "Rios,J"]
[Black "Brizuela Abreu,Reivis Gabriel"]
[Result "0-1"]
[WhiteElo "2055"]
[BlackElo "2219"]

1.e4 e6 2.d4 d5 3.Nd2 Nf6 4.e5 Nfd7 5.Bd3 c5 6.c3 Nc6 7.Ne2 cxd4 8.cxd4 f6
9.exf6 Nxf6 10.O-O Bd6 11.Nf3 Qc7 12.h3 O-O 13.Be3 Bd7 14.Re1 Rae8 15.Nc3 a6
16.Rc1 Qb8 17.Na4 e5 18.dxe5 Nxe5 19.Nxe5 Bxe5 20.Nc5 Bc8 21.b4 Kh8 22.Bc2 Bc3
23.Bd2 Bd4 24.Be3 Bc3 25.Bd2 Bd4 26.Rxe8 Bxf2+ 27.Kf1 Nxe8 {#R} 0-1

[Event "12th American Continental"]
[Site "Medellin COL"]
[Date "2017.06.18"]
[Round "11.55"]
[White "Zapata Arbelaes,E"]
[Black "Avila Pavas,Santiago"]
[Result "0-1"]
[WhiteElo "2202"]
[BlackElo "2056"]

1.c4 e5 2.Nc3 Nc6 3.g3 g6 4.Bg2 d6 5.e3 Bg7 6.Nge2 Be6 7.b3 Qd7 8.Nd5 Nd8 9.d4
c6 10.Ndc3 Bh3 11.O-O Bxg2 12.Kxg2 exd4 13.Nxd4 Ne7 14.Bb2 d5 15.Qf3 Ne6
16.cxd5 Nxd5 17.Nxe6 fxe6 18.Rad1 Qf7 19.Nxd5 Bxb2 20.Nf4 O-O 21.Qe4 Rae8
22.Rd2 Bg7 23.Rdd1 e5 24.Nd3 Qf5 25.Nc5 b6 26.g4 Qg5 27.Qc4+ Rf7 28.Rd7 Qf6
29.Rxf7 Qxf7 30.Qxf7+ Kxf7 31.Ne4 Ke7 32.Rd1 Rc8 33.h4 Rc7 34.Kf3 Bf8 35.Rh1
h6 36.h5 g5 37.Rd1 Ke6 38.Ng3 c5 39.Ke4 {#R} 0-1

[Event "12th American Continental"]
[Site "Medellin COL"]
[Date "2017.06.18"]
[Round "11.57"]
[White "Castaneda,J"]
[Black "Buitrago,J"]
[Result "1-0"]
[WhiteElo "2195"]
[BlackElo "2035"]

1.d4 d5 2.Nf3 Nf6 3.c4 e6 4.g3 Be7 5.Bg2 O-O 6.O-O Nbd7 7.Nc3 c6 8.Nd2 b6 9.e4
Bb7 10.e5 Ne8 11.cxd5 exd5 12.f4 Nc7 13.Nb3 Re8 14.Re1 Nf8 15.f5 Bg5 16.Qg4
Bxc1 17.Raxc1 g6 18.f6 Qd7 19.Qh4 Red8 20.Qh6 Nfe6 21.Re4 dxe4 22.Nxe4 Ne8
23.Bh3 Qc7 24.Bxe6 fxe6 25.Ng5 Nxf6 26.exf6 Rf8 27.Rf1 Rf7 28.Nxf7 Qxf7 29.Nd2
Rf8 30.Ne4 Qd7 31.Nd6 Rxf6 32.Rxf6 Qxd6 33.Qf4 Qb4 34.Rxe6 c5 35.Re8+ {#r} 1-0

[Event "12th American Continental"]
[Site "Medellin COL"]
[Date "2017.06.18"]
[Round "11.58"]
[White "Chang,S"]
[Black "Echavarria,J"]
[Result "0-1"]
[WhiteElo "2127"]
[BlackElo "2309"]

1.e4 c5 2.Nf3 e6 3.d4 cxd4 4.Nxd4 Nf6 5.Bd3 Nc6 6.Nxc6 dxc6 7.O-O e5 8.Nd2 Bg4
9.f3 Bc5+ 10.Kh1 Be6 11.Nc4 Nd7 12.Be3 {#R} 0-1

[Event "12th American Continental"]
[Site "Medellin COL"]
[Date "2017.06.18"]
[Round "11.59"]
[White "Franco Valencia,A"]
[Black "Puppi Lazo,Jorge Luis"]
[Result "1-0"]
[WhiteElo "2286"]
[BlackElo "2120"]

1.e4 c5 2.Nf3 e6 3.d4 cxd4 4.Nxd4 a6 5.Nc3 b5 6.a3 Bb7 7.Be2 Nf6 8.Bf3 Qc7
9.O-O d6 10.Re1 Be7 11.a4 bxa4 12.Rxa4 O-O 13.g4 Nfd7 14.Bg2 Nc6 15.g5 Nc5
16.Nxc6 Bxc6 17.Rd4 a5 18.Qe2 Rfb8 19.h4 Ra7 20.h5 g6 21.Red1 Rab7 22.b3 Rb4
23.Be3 Rxd4 24.Bxd4 Rb4 25.Bf6 Bf8 26.Rd4 e5 27.Rc4 Qb7 28.Kh2 Bb5 29.Rxb4
axb4 30.Nxb5 {#r} 1-0

[Event "12th American Continental"]
[Site "Medellin COL"]
[Date "2017.06.18"]
[Round "11.61"]
[White "Markzon,G"]
[Black "Gonzalez,Eleicer"]
[Result "0-1"]
[WhiteElo "2222"]
[BlackElo "2078"]

1.e4 c5 2.Nf3 e6 3.d4 cxd4 4.Nxd4 a6 5.Bd3 Qc7 6.Nd2 Nc6 7.Nxc6 bxc6 8.O-O d5
9.c4 Nf6 10.f4 g6 11.e5 Nd7 12.Nf3 Bg7 13.Be3 O-O 14.Rc1 c5 15.cxd5 exd5 16.f5
Nxe5 17.b4 Bf6 18.Nxe5 {#R} 0-1

[Event "12th American Continental"]
[Site "Medellin COL"]
[Date "2017.06.18"]
[Round "11.62"]
[White "Chinchilla,E"]
[Black "Castano,Jo"]
[Result "1-0"]
[WhiteElo "2213"]
[BlackElo "2088"]

1.d4 Nf6 2.c4 g6 3.Nc3 d5 4.Nf3 Bg7 5.Qb3 dxc4 6.Qxc4 O-O 7.e4 Bg4 8.Be3 Nbd7
9.Qb3 Nb6 10.Be2 Nfd7 11.Rd1 Bxf3 12.gxf3 e5 13.dxe5 Bxe5 14.f4 Bg7 15.h4 a5
16.Bxb6 cxb6 17.Qb5 Qf6 18.Rxd7 Qxf4 19.Qd5 Qc1+ 20.Bd1 Qxb2 21.Nb5 Rac8
22.Nd6 Bc3+ 23.Kf1 Bd4 24.Rxf7 {#r} 1-0

[Event "12th American Continental"]
[Site "Medellin COL"]
[Date "2017.06.18"]
[Round "11.63"]
[White "Harper,R"]
[Black "Lotero,F"]
[Result "1-0"]
[WhiteElo "2209"]
[BlackElo "2092"]

1.e4 d5 2.exd5 Qxd5 3.d4 Nc6 4.Nf3 Bg4 5.Be2 O-O-O 6.Be3 e5 7.Nc3 Qa5 8.Nxe5
Bxe2 9.Qxe2 Nxe5 10.dxe5 Qxe5 11.Qc4 Nf6 12.O-O Bd6 13.g3 Qh5 14.f3 a6 15.Bd4
Qh3 16.Rf2 h5 17.Raf1 Rhe8 18.Bxf6 gxf6 19.Ne4 Be5 20.c3 h4 21.g4 Rg8 22.Qxf7
Rxg4+ 23.fxg4 Qxg4+ 24.Rg2 Qxe4 25.Qg6 Qe3+ 26.Kh1 Kb8 27.Qg4 h3 28.Re2 Qd3
29.Ref2 Rh8 30.Qf3 Qh7 31.b3 Rg8 32.Rd1 Qh4 33.Rfd2 Bxc3 34.Rd3 Be5 35.Qxh3
Qf2 36.R3d2 Qf4 37.Re2 Bd6 38.Rf1 Bc5 39.Re8+ {#r} 1-0

[Event "12th American Continental"]
[Site "Medellin COL"]
[Date "2017.06.18"]
[Round "11.65"]
[White "Franco Valencia,B"]
[Black "Henao,Bernardo Andres"]
[Result "1-0"]
[WhiteElo "2173"]
[BlackElo "2059"]

1.d4 Nf6 2.c4 e5 3.dxe5 Ng4 4.e3 Nxe5 5.Nc3 Be7 6.f4 Nec6 7.Nf3 O-O 8.Bd3 d6
9.O-O Nd7 10.a3 a5 11.Nd5 Nc5 12.Bc2 f5 13.Nd4 Be6 14.Nxe6 Nxe6 15.Bd2 Nc5
16.b4 Ne4 17.Bxe4 fxe4 18.b5 Nb8 19.b6 cxb6 20.Bc3 Nd7 21.Qg4 Nf6 22.Qe6+ Rf7
23.Bxf6 Bxf6 24.Rab1 Rc8 25.Rxb6 Qe8 26.f5 Be5 27.Ne7+ Qxe7 28.Qxc8+ Rf8
29.Qxb7 Qh4 30.h3 h5 31.Qd5+ Kh7 32.c5 {#r} 1-0